000 00770nam a2200241Ia 4500
003 OSt
005 20220926010522.0
006 a|||||r|||| 00| 0
007 ta
008 220923b |||||||| |||| 00| 0 eng d
020 _a8188965359
037 _cGeneral Book
040 _aRTL
_cRTL
_beng
041 _2eng
_aeng
082 _aY15:4582:5.2, P7
100 _aKANNABIRAN Kalpna
_9312462
245 0 _aFeminist fine print from mathura to manorama
_b Resisting violence against women in India
260 _a New Delhi
_bWomen unlimited an associate of kali for women
_c2007
300 _avi, 201p
_ccm.
700 _a MENON Ritu
_926652
942 _hY15:4582:5.2, P7
_cGB
_2CC
999 _c617483
_d617483